Última pregunta : (Record no. 43004)

MARC details
000 -LEADER
campo de control de longitud fija 00685nam a2200241 i 4500
001 - NÚMERO DE CONTROL
campo de control 43004
003 - IDENTIFICADOR DE NÚMERO DE CONTROL
campo de control ES-MaACL
005 - FECHA Y HORA DE LA ÚLTIMA TRANSACCIÓN
campo de control 20250727022514.0
007 - CAMPO FIJO DE DESCRIPCIÓN FÍSICA--INFORMACIÓN GENERAL
campo de control de longitud fija t|
008 - DATOS DE LONGITUD FIJA--INFORMACIÓN GENERAL
campo de control de longitud fija 030314s1981 sp ||||1| spa d
020 ## - NÚMERO INTERNACIONAL ESTÁNDAR DEL LIBRO
Número Internacional Estándar del Libro 84-301-0852-1
080 ## - NÚMERO DE LA CLASIFICACIÓN DECIMAL UNIVERSAL
Número de la Clasificación Decimal Universal 130.123
100 1# - ENTRADA PRINCIPAL--NOMBRE DE PERSONA
Nombre de persona Cencillo, Luis.
9 (RLIN) 37397
245 10 - MENCIÓN DEL TÍTULO
Título Última pregunta :
Resto del título paradojas de la madurez y del poder /
Mención de responsabilidad, etc. Luis Cencillo.
260 ## - PUBLICACIÓN, DISTRIBUCIÓN, ETC.
Lugar de publicación, distribución, etc. Salamanca :
Nombre del editor, distribuidor, etc. Sígueme,
Fecha de publicación, distribución, etc. 1981.
300 ## - DESCRIPCIÓN FÍSICA
Extensión 341 p. ;
Dimensiones 22 cm.
490 1# - MENCIÓN DE SERIE
Mención de serie Hermeneia ;
Designación de volumen o secuencia 18
650 #7 - PUNTO DE ACCESO ADICIONAL DE MATERIA--TÉRMINO DE MATERIA
Término de materia o nombre geográfico como elemento de entrada Antropología filosófica
Fuente del encabezamiento o término embne
9 (RLIN) 9891
830 1# - PUNTO DE ACCESO ADICIONAL DE SERIE-TÍTULO UNIFORME
Título uniforme Hermeneia ;
Designación de volumen o secuencia 18
9 (RLIN) 180905
852 ## - LOCALIZACIÓN
Ubicación ES-MaACL
Número de control de estantería L-2814
852 ## - LOCALIZACIÓN
Ubicación ES-MaACL
Número de control de estantería G-15446
Holdings
Estatus retirado Estado de pérdida Estado de daño No para préstamo Biblioteca de origen Biblioteca actual Ubicación en estantería Fecha de adquisición Fuente de adquisición Total de préstamos Signatura topográfica completa Código de barras Visto por última vez Precio de reemplazo Tipo de ítem Koha
        Biblioteca del Ateneo de Madrid Biblioteca del Ateneo de Madrid Sala Pecera Planta 3 17/01/2008     G-15446 1045265 23/02/2023 23/02/2023 Libro impreso
        Biblioteca del Ateneo de Madrid Biblioteca del Ateneo de Madrid Depósito 2 17/01/2008     L-2814 1045264 23/02/2023 23/02/2023 Libro impreso